00322nam a2200121Ia 4500008004100000040001800041041001200059082001700071100001100088245008100099260000900180300001100189230917s9999||||xx |||||||||||||| ||und|| e5002584aMAIN aEnglish a664.93 R176C aRenuka 0aComparative evaluation of carnosine in meat of kadaknath and broiler chicken c2021 a102 p.